<?xml version="1.0" encoding="UTF-8"?>
<marc:record xmlns:marc="http://www.loc.gov/MARC21/slim">
   <marc:leader>00000nam a2200000 a 4500</marc:leader>
   <marc:datafield ind1="1" ind2=" " tag="100">
      <marc:subfield code="a">Schäfer, Stephan</marc:subfield>
      <marc:subfield code="4">aut</marc:subfield>
      <marc:subfield code="e">Verfasser/-in</marc:subfield>
   </marc:datafield>
   <marc:datafield ind1=" " ind2=" " tag="653">
      <marc:subfield code="a">Erzählende Literatur: Gegenwartsliteratur ab 1945</marc:subfield>
   </marc:datafield>
   <marc:datafield ind1=" " ind2=" " tag="653">
      <marc:subfield code="a">Fiktionale Darstellung</marc:subfield>
   </marc:datafield>
   <marc:datafield ind1="0" ind2="0" tag="245">
      <marc:subfield code="a">Jetzt gerade ist alles gut</marc:subfield>
   </marc:datafield>
   <marc:datafield ind1=" " ind2="1" tag="264">
      <marc:subfield code="b">park x ullstein</marc:subfield>
      <marc:subfield code="c">2025</marc:subfield>
   </marc:datafield>
   <marc:datafield ind1="1" ind2=" " tag="520">
      <marc:subfield code="a">Ein kleiner Schnitt am Finger, schon wenige Stunden später hängt das Leben des Erzählers an einem seidigen Schlauch. Er besiegt die Sepsis, aber die existenzielle Bedrohung bringt eine neue Frage in sein Leben: Wenn sich von einer Sekunde auf die andere alles verändern kann - wieso nehmen wir so selbstverständlich hin, dass wir unser Leben ständig auf später vertagen? Als er aus dem Krankenhaus entlassen wird, wird er zum Sammler kostbarer Momente. In Liebe, Familie, Freundschaft, Natur sucht er nach dem, was wirklich zählt. Dabei entdeckt er, dass die berührenden Geschichten oft in den überraschendsten Augenblicken auf uns warten, sogar in Nebensächlichkeiten.</marc:subfield>
   </marc:datafield>
   <marc:datafield ind1=" " ind2=" " tag="020">
      <marc:subfield code="a">9783988160188</marc:subfield>
      <marc:subfield code="9">9783988160188</marc:subfield>
   </marc:datafield>
</marc:record>
